000
00291pam a2200121 a 4500
020
_c
041
_a
eng
100
_a
Oliver Egbert .S.
245
_a
An Anthology American Literature 1890-1965
_h
Textual Documents
260
_a
[s.l]:
_b
Eurasia Publishing
300
_a
595p.
930
_a
15571
999
_c
92471
_d
92471